The IBM lesson : The Profitable art of full employment
Đã lưu trong:
| Tác giả chính: | |
|---|---|
| Định dạng: | Sách |
| Ngôn ngữ: | Undetermined |
| Được phát hành: |
New York
Times Books
1988
|
| Những chủ đề: | |
| Các nhãn: |
Thêm thẻ
Không có thẻ, Là người đầu tiên thẻ bản ghi này!
|
| Thư viện lưu trữ: | Trung tâm Học liệu Trường Đại học Cần Thơ |
|---|
| LEADER | 00572nam a2200217Ia 4500 | ||
|---|---|---|---|
| 001 | CTU_82702 | ||
| 008 | 210402s9999 xx 000 0 und d | ||
| 082 | |a 333.7 | ||
| 082 | |b M657 | ||
| 100 | |a Mills, D. Quinn | ||
| 245 | 4 | |a The IBM lesson : | |
| 245 | 4 | |b The Profitable art of full employment | |
| 245 | 0 | |c D. Quinn Mills | |
| 260 | |a New York | ||
| 260 | |b Times Books | ||
| 260 | |c 1988 | ||
| 650 | |a Computer industry | ||
| 650 | |x Employees | ||
| 650 | |z United States | ||
| 904 | |i QHieu(sửa) | ||
| 980 | |a Trung tâm Học liệu Trường Đại học Cần Thơ | ||